| 000 | 00364nam a2200145 i 4500 | ||
|---|---|---|---|
| 001 | bg | ||
| 100 | 1 | _aLIPIŃSKI, M. | |
| 245 | 0 |
_aTablice do tyczenia krzywych (360 i 400). _nCz. 1, _pŁuki kołowe / _cM. Lipiński. |
|
| 250 | _aWyd.6. | ||
| 260 |
_aWarszawa, _c1976. |
||
| 040 | _cBPK | ||
| 041 | _apol | ||
| 942 | _cKS | ||
| 008 | s pl f |000 0 pol | ||
| 999 |
_c4986 _d4986 |
||
| 856 |
_uhttp://koha.tu.koszalin.pl/cgi-bin/koha/opac-detail.pl?biblionumber=4986 _yKatalog online BPK |
||